000 00229nam a22000857a 4500
008 160715b xxu||||| |||| 00| 0 eng d
100 _92882
_aMal B
245 _aFootball Basics for the Youth
260 _aNew Delhi
_bF.B Publication
_c2008
999 _c2454
_d2454